| 000 | 00456nam a22001457a 4500 | ||
|---|---|---|---|
| 999 |
_c530171 _d530171 |
||
| 003 | NUST | ||
| 005 | 20191011163140.0 | ||
| 008 | 191011b ||||| |||| 00| 0 eng d | ||
| 038 | _aNusrat Nadeem | ||
| 082 | _a621.001KAS | ||
| 245 |
_aMS/THESIS:SEMANTICAL INTEROPERABILITY FOR ENTERPRISE DECISION SUPPORT SYSTEM IN ACTIVE ENVIRONMENT _cKASHIF AYOUB |
||
| 260 |
_aISLAMABAD _bRCMS NUST _c2016 |
||
| 700 | _4Dr. MUKARAM KHAN (Supervisor) | ||
| 942 |
_2ddc _cTHE |
||